[Event "Hessen-ch Seniors op 12th"]
[Site "Bad Sooden-Allendorf"]
[Date "2016.05.01"]
[Round "2"]
[White "Merettig, Georg"]
[Black "Kluge, Hans Christof"]
[Result "1/2-1/2"]
[WhiteElo "1856"]
[BlackElo "1653"]
[PlyCount "34"]
[EventDate "2016.04.30"]
[EventType "swiss"]
[EventRounds "9"]
[EventCountry "GER"]
[SourceTitle "EXT 2019"]
[Source "ChessBase"]
[SourceDate "2018.10.10"]
[SourceVersion "1"]
[SourceVersionDate "2018.10.10"]
[SourceQuality "1"]

1. Nc3 Nf6 2. f4 g6 3. e4 d6 4. d4 Bg7 5. Nf3 0-0 6. Bd3 e6 7. 0-0 Nbd7 8. Ne2 c5 9. c3 b6 10. Ng3 Bb7 11. f5 Qc7 12. fxe6 fxe6 13. Ng5 Rae8 14. Qb3 d5 15. Bf4 e5 16. dxe5 Nxe5 17. exd5 c4 1/2-1/2

[Event "Hessen-ch Seniors op 12th"]
[Site "Bad Sooden-Allendorf"]
[Date "2016.04.30"]
[Round "1"]
[White "Kluge, Hans Christof"]
[Black "Schwertel, Johann"]
[Result "0-1"]
[WhiteElo "1653"]
[BlackElo "1981"]
[PlyCount "112"]
[EventDate "2016.04.30"]
[EventType "swiss"]
[EventRounds "9"]
[EventCountry "GER"]
[SourceTitle "EXT 2019"]
[Source "ChessBase"]
[SourceDate "2018.10.10"]
[SourceVersion "1"]
[SourceVersionDate "2018.10.10"]
[SourceQuality "1"]

1. d4 d5 2. Nf3 Nf6 3. e3 Bg4 4. c4 e6 5. Nbd2 c6 6. Be2 Nbd7 7. a3 Bd6 8. h3 Bh5 9. b4 0-0 10. Bb2 Bg6 11. Nh4 Be4 12. Nxe4 Nxe4 13. Nf3 a5 14. c5 Bc7 15. b5 Qe7 16. 0-0 f5 17. b6 Bb8 18. Nd2 Ndf6 19. Nxe4 Nxe4 20. Bd3 Ng5 21. f4 Nf7 22. a4 Kh8 23. Be2 g5 24. Bc1 Rg8 25. Kh1 Qf6 26. Ra3 Nh6 27. e4 gxf4 28. e5 Qg5 29. Rf2 Ng4 30. hxg4 Qh4+ 31. Kg1 fxg4 32. Bxf4 g3 33. Bxg3 Rxg3 34. Raf3 Rg8 35. Qd3 Bxe5 36. Rh3 Qe7 37. dxe5 Rg7 38. Rf6 Qxc5+ 39. Qe3 Qb4 40. Rf4 Qb1+ 41. Kh2 Rag8 42. Bf3 Qf1 43. Qg1 Rxg2+ 44. Bxg2 Qxf4+ 45. Kh1 Qxe5 46. Qb1 Qg7 47. Qc2 e5 48. Qe2 e4 49. Qf2 Qe5 50. Qh4 Qg7 51. Qf2 h6 52. Bf1 Rf8 53. Qe2 Kh7 54. Qg2 Qf6 55. Be2 Rg8 56. Qh2 Qa1+ 0-1

[Event "Hessen-ch Seniors op 10th"]
[Site "Bad Sooden-Allendorf"]
[Date "2014.04.28"]
[Round "3"]
[White "Stengl, Walter"]
[Black "Kluge, Hans Christof"]
[Result "0-1"]
[WhiteElo "1457"]
[BlackElo "1680"]
[PlyCount "108"]
[EventDate "2014.04.26"]
[EventType "swiss"]
[EventRounds "9"]
[EventCountry "GER"]
[SourceTitle "EXT 2018"]
[Source "ChessBase"]
[SourceDate "2017.10.13"]
[SourceVersion "1"]
[SourceVersionDate "2017.10.13"]
[SourceQuality "1"]

1. e4 d6 2. d4 Nf6 3. Nc3 g6 4. Nf3 Bg7 5. Bc4 0-0 6. 0-0 a6 7. h3 Nfd7 8. Re1 c5 9. d5 b5 10. Bf1 Ne5 11. Nxe5 Bxe5 12. Bh6 Re8 13. Rb1 e6 14. g3 b4 15. Ne2 Qf6 16. Bf4 exd5 17. Qxd5 Ra7 18. Bxe5 Rxe5 19. Qd3 Rae7 20. Bg2 g5 21. f4 gxf4 22. Nxf4 Bb7 23. Re2 a5 24. b3 Ba6 25. Nd5 Rxd5 26. Qxd5 Bxe2 27. Re1 Ba6 28. Kh2 Bb7 29. Qc4 Ba6 30. Qd5 Bb7 31. Qc4 Qc3 32. Qe2 Nc6 33. Qg4+ Qg7 34. Qxg7+ Kxg7 35. Rd1 Nd4 36. e5 dxe5 37. Bxb7 Rxb7 38. Rc1 Nb5 39. Re1 f6 40. h4 Rd7 41. Re2 Nc3 42. Rf2 Nxa2 43. g4 Rd4 44. Kh3 Nc3 45. h5 Ne4 46. Rf5 Ng5+ 47. Kh4 h6 48. Rxg5+ fxg5+ 49. Kg3 e4 50. Kf2 Kf6 51. Ke3 Ke5 52. Ke2 c4 53. bxc4 Rxc4 54. Kd2 a4 0-1

[Event "Hessen-ch Seniors op 10th"]
[Site "Bad Sooden-Allendorf"]
[Date "2014.04.26"]
[Round "1"]
[White "Gerhardt, Peter Michael"]
[Black "Kluge, Hans Christof"]
[Result "1-0"]
[WhiteElo "2066"]
[BlackElo "1680"]
[PlyCount "55"]
[EventDate "2014.04.26"]
[EventType "swiss"]
[EventRounds "9"]
[EventCountry "GER"]
[SourceTitle "EXT 2018"]
[Source "ChessBase"]
[SourceDate "2017.10.13"]
[SourceVersion "1"]
[SourceVersionDate "2017.10.13"]
[SourceQuality "1"]

1. d4 Nf6 2. c4 g6 3. Nc3 Bg7 4. e4 d6 5. f3 0-0 6. Be3 Nfd7 7. Qd2 Na6 8. Nge2 c5 9. Rd1 b6 10. d5 Nc7 11. Ng3 Ne5 12. Be2 Ne8 13. 0-0 a6 14. h3 Ra7 15. f4 Nd7 16. b3 Qc7 17. Bd3 Bf6 18. Rf3 Ng7 19. Nf1 e5 20. dxe6 fxe6 21. Bb1 Ne8 22. Nh2 Nb8 23. Ng4 Bg7 24. f5 exf5 25. Nd5 Qd8 26. Bg5 Bf6 27. Ngxf6+ Nxf6 28. Nxf6+ 1-0

[Event "GER-ch Seniors"]
[Site "Dresden"]
[Date "2012.08.14"]
[Round "6"]
[White "Kluge, Hans Christof"]
[Black "Scholz, Werner"]
[Result "0-1"]
[WhiteElo "1702"]
[BlackElo "1783"]
[PlyCount "50"]
[EventDate "2012.08.09"]
[EventType "swiss"]
[EventRounds "9"]
[EventCountry "GER"]
[SourceTitle "EXT 2014"]
[Source "ChessBase"]
[SourceDate "2013.11.20"]
[SourceVersion "1"]
[SourceVersionDate "2013.11.20"]
[SourceQuality "1"]

1. d4 Nf6 2. Nf3 d5 3. e3 g6 4. Nbd2 Bg7 5. Bd3 0-0 6. b3 Nc6 7. a3 e5 8. Nxe5 Nxe5 9. dxe5 Ng4 10. Bb2 Nxe5 11. Rb1 Qd6 12. 0-0 Ng4 13. f4 Nxe3 14. Qf3 Nxf1 15. Kxf1 Bh6 16. Be5 Qc6 17. b4 Be6 18. Nb3 Qb6 19. Bd4 Qd6 20. Be5 Qe7 21. Re1 c6 22. Bd4 Rfe8 23. f5 gxf5 24. Qg3+ Qg5 25. Qd6 Qf4+ 0-1

[Event "Niedersachsen-ch Seniors op 10th"]
[Site "Bad Bevensen"]
[Date "2007.07.04"]
[Round "2"]
[White "Geibel, Henning"]
[Black "Kluge, Hans Christof"]
[Result "0-1"]
[WhiteElo "1224"]
[BlackElo "1543"]
[PlyCount "74"]
[EventDate "2007.07.03"]
[EventType "swiss"]
[EventRounds "9"]
[EventCountry "GER"]
[SourceTitle "EXT 2022"]
[Source "ChessBase"]
[SourceDate "2021.10.06"]
[SourceVersion "1"]
[SourceVersionDate "2021.10.06"]
[SourceQuality "1"]

1. e4 Nf6 2. Nc3 d6 3. d4 g6 4. Bg5 Bg7 5. Bc4 0-0 6. Nf3 a6 7. 0-0 Bd7 8. Re1 b5 9. Bd3 Nc6 10. d5 Na5 11. Qd2 c5 12. dxc6 Nxc6 13. Bh6 Ng4 14. Bxg7 Kxg7 15. h3 Nf6 16. Nd5 e5 17. Nxf6 Qxf6 18. c4 b4 19. b3 Bxh3 20. gxh3 Qxf3 21. Kh2 a5 22. Re3 Nd4 23. Rg1 Qf4+ 24. Rgg3 h5 25. Kg2 Kh7 26. Qc1 Rg8 27. a3 Nxb3 28. Qd1 Nd4 29. axb4 axb4 30. Be2 Rg7 31. Bxh5 gxh5 32. Qxh5+ Kg8 33. Rxg7+ Kxg7 34. Rg3+ Kf6 35. Rg5 Qxe4+ 36. f3 Ra2+ 37. Kg3 Qf4# 0-1

[Event "GER-ch Seniors Gp-B 18th"]
[Site "Dresden"]
[Date "2006.07.29"]
[Round "8"]
[White "Kluge, Hans Christof"]
[Black "Berg, Gerd"]
[Result "1/2-1/2"]
[WhiteElo "1550"]
[BlackElo "1451"]
[PlyCount "118"]
[EventDate "2006.07.22"]
[EventType "swiss"]
[EventRounds "9"]
[EventCountry "GER"]
[SourceTitle "EXT 2022"]
[Source "ChessBase"]
[SourceDate "2021.10.06"]
[SourceVersion "1"]
[SourceVersionDate "2021.10.06"]
[SourceQuality "1"]

1. d4 Nf6 2. Nf3 Nc6 3. e3 d5 4. a3 g6 5. Bd3 Bg7 6. Nbd2 0-0 7. 0-0 h6 8. b4 a6 9. h3 Kh7 10. Bb2 b5 11. Rc1 Bb7 12. Nb3 Nd7 13. e4 dxe4 14. Bxe4 Nf6 15. Bd3 Rb8 16. Re1 Nh5 17. c4 bxc4 18. Rxc4 Nf4 19. Bb1 e6 20. Qc1 Qd6 21. Nc5 Ne7 22. Nxb7 Rxb7 23. Qd2 Nfd5 24. Be4 Rb5 25. Bc1 Nb6 26. Rc2 Nf5 27. Bc6 Nxd4 28. Nxd4 Bxd4 29. Qxh6+ Kg8 30. Bxb5 axb5 31. Rd2 Bg7 32. Rxd6 Bxh6 33. Rc6 Bxc1 34. Rexc1 Nd5 35. g3 Ra8 36. Ra1 Nxb4 37. Rxc7 Nd3 38. Rc3 Nb2 39. Rb3 Nc4 40. Rxb5 Rxa3 41. Rxa3 Nxa3 42. Rb7 Nc4 43. Kf1 Nd6 44. Rd7 Ne4 45. Ke2 Ng5 46. h4 Ne4 47. Kf3 Nc5 48. Ra7 Kg7 49. Kg4 Ne4 50. f4 Kf6 51. Ra5 Kg7 52. Kf3 Nd2+ 53. Kg4 Ne4 54. h5 gxh5+ 55. Kh4 Nf6 56. Kg5 Ne4+ 57. Kh4 Nf6 58. Ra4 Kg6 59. Ra8 Kg7 1/2-1/2

[Event "Niedersachsen-ch Seniors op 09th"]
[Site "Bad Bevensen"]
[Date "2006.06.26"]
[Round "3"]
[White "Kluge, Hans Christof"]
[Black "Boehm, Karl1111"]
[Result "1/2-1/2"]
[WhiteElo "1595"]
[BlackElo "1609"]
[PlyCount "31"]
[EventDate "2006.06.24"]
[EventType "swiss"]
[EventRounds "9"]
[EventCountry "GER"]
[SourceTitle "EXT 2022"]
[Source "ChessBase"]
[SourceDate "2021.10.06"]
[SourceVersion "1"]
[SourceVersionDate "2021.10.06"]
[SourceQuality "1"]

1. d4 d5 2. Nf3 Nf6 3. e3 Bg4 4. h3 Bh5 5. Nbd2 e6 6. c4 c6 7. a3 Bd6 8. Qb3 Qc8 9. Bd3 0-0 10. c5 Bc7 11. Qc2 Bxf3 12. Nxf3 Nbd7 13. e4 dxe4 14. Bxe4 Nxe4 15. Qxe4 Nf6 16. Qh4 1/2-1/2

[Event "Niedersachsen-ch Seniors op 09th"]
[Site "Bad Bevensen"]
[Date "2006.06.24"]
[Round "1"]
[White "Kluge, Hans Christof"]
[Black "Wuestefeld, Dietfried"]
[Result "1/2-1/2"]
[WhiteElo "1595"]
[BlackElo "1753"]
[PlyCount "69"]
[EventDate "2006.06.24"]
[EventType "swiss"]
[EventRounds "9"]
[EventCountry "GER"]
[SourceTitle "EXT 2022"]
[Source "ChessBase"]
[SourceDate "2021.10.06"]
[SourceVersion "1"]
[SourceVersionDate "2021.10.06"]
[SourceQuality "1"]

1. d4 d5 2. Nf3 Nf6 3. e3 Bg4 4. h3 Bf5 5. Bd3 Ne4 6. Nh4 Bd7 7. Nf3 e6 8. Ne5 c5 9. c3 cxd4 10. exd4 Nf6 11. 0-0 Nc6 12. Nxd7 Nxd7 13. f4 Bd6 14. Qg4 g6 15. Re1 h5 16. Qf3 Ne7 17. Na3 a6 18. Nc2 Qc7 19. Bd2 Qb6 20. Rab1 0-0-0 21. Be3 Rdg8 22. b4 Qc7 23. Rec1 Nf5 24. Bf2 Bxf4 25. Ne3 Nxe3 26. Bxe3 Bxe3+ 27. Qxe3 b5 28. a4 Qb6 29. axb5 axb5 30. Ra1 e5 31. Ra5 e4 32. Rxb5 Qc6 33. c4 Kd8 34. cxd5 Qd6 35. Rc6 1/2-1/2

[Event "Bayern-ch Seniors 17th"]
[Site "Schloss Schney"]
[Date "2005.06.14"]
[Round "5"]
[White "Kluge, Hans Christof"]
[Black "Harke, Horst"]
[Result "0-1"]
[WhiteElo "1568"]
[BlackElo "1684"]
[PlyCount "110"]
[EventDate "2005.06.10"]
[EventType "swiss"]
[EventRounds "9"]
[EventCountry "GER"]
[SourceTitle "EXT 2006"]
[Source "ChessBase"]
[SourceDate "2005.11.24"]
[SourceVersion "1"]
[SourceVersionDate "2005.11.24"]
[SourceQuality "1"]

1. d4 d5 2. Nf3 Nf6 3. e3 c6 4. Bd3 e6 5. Nbd2 Bd6 6. 0-0 Qc7 7. e4 dxe4 8. Nxe4 Nxe4 9. Bxe4 Nd7 10. Re1 Nf6 11. Bd3 c5 12. c3 Bd7 13. a4 c4 14. Bf1 Bc6 15. Ne5 Bd5 16. g3 0-0 17. Qe2 Rac8 18. Bg5 Bxe5 19. dxe5 Ne4 20. Bf4 Nc5 21. Qg4 Kh8 22. Red1 Qc6 23. Qh3 Nxa4 24. Ra2 a6 25. Be3 b5 26. Qh4 Be4 27. Rd4 Bg6 28. Bg5 Nc5 29. Bg2 Qe8 30. Ra1 Nb3 31. Rxa6 Nxd4 32. cxd4 c3 33. bxc3 Qd7 34. Rd6 Qa7 35. Be3 Qa1+ 36. Bf1 Bd3 37. Qh3 Rxc3 38. d5 exd5 39. Bd4 Qxf1+ 40. Qxf1 Bxf1 41. Bxc3 Bc4 42. Bb4 Re8 43. Kg2 h6 44. f4 Kh7 45. Bc3 Re7 46. f5 b4 47. Bd4 b3 48. Kf3 Rb7 49. Bb2 Ra7 50. e6 fxe6 51. fxe6 Bb5 52. Rb6 Bc4 53. Rd6 Ra2 54. Bxg7 Kxg7 55. Rd7+ Kf8 0-1

[Event "Bad Woerishofen Seniors op 21st"]
[Site "Bad Woerishofen"]
[Date "2005.03.07"]
[Round "5"]
[White "Kluge, Hans Christof"]
[Black "Aufmwasser, Guenter"]
[Result "1/2-1/2"]
[WhiteElo "1566"]
[BlackElo "1613"]
[PlyCount "33"]
[EventDate "2005.03.03"]
[EventType "swiss"]
[EventRounds "9"]
[EventCountry "GER"]
[SourceTitle "EXT 2006"]
[Source "ChessBase"]
[SourceDate "2005.11.24"]
[SourceVersion "1"]
[SourceVersionDate "2005.11.24"]
[SourceQuality "1"]

1. d4 Nf6 2. Nf3 g6 3. e3 Bg7 4. Nbd2 0-0 5. b3 c6 6. Be2 d5 7. Ne5 Nbd7 8. f4 Ne4 9. Nxe4 Nxe5 10. fxe5 dxe4 11. 0-0 Be6 12. Bb2 f6 13. Bg4 f5 14. Be2 Qc7 15. Qe1 c5 16. c3 c4 17. b4 1/2-1/2

[Event "Bad Woerishofen Seniors op 21st"]
[Site "Bad Woerishofen"]
[Date "2005.03.03"]
[Round "1"]
[White "Kluge, Hans Christof"]
[Black "Rueggeberg, Wilhelm"]
[Result "0-1"]
[WhiteElo "1566"]
[BlackElo "1801"]
[PlyCount "110"]
[EventDate "2005.03.03"]
[EventType "swiss"]
[EventRounds "9"]
[EventCountry "GER"]
[SourceTitle "EXT 2006"]
[Source "ChessBase"]
[SourceDate "2005.11.24"]
[SourceVersion "1"]
[SourceVersionDate "2005.11.24"]
[SourceQuality "1"]

1. d4 Nf6 2. Nf3 d5 3. e3 c6 4. Bd3 Bg4 5. Nbd2 Nbd7 6. e4 dxe4 7. Nxe4 Qc7 8. 0-0 e6 9. Re1 Be7 10. h3 Bh5 11. Ng3 Bg6 12. Qe2 0-0-0 13. Bd2 Nd5 14. Ne5 Nxe5 15. dxe5 Rd7 16. a3 Rhd8 17. Bxg6 hxg6 18. Nf1 Kb8 19. b4 Nb6 20. Rab1 Rd5 21. Rb3 Qd7 22. Bc3 Rd1 23. Ne3 Rxe1+ 24. Bxe1 Qd4 25. Bc3 Qe4 26. Ba1 Bg5 27. Rd3 Kc7 28. Rxd8 Bxd8 29. Qd3 Qxd3 30. cxd3 Nd5 31. Nc4 Be7 32. g3 b5 33. Nd2 c5 34. bxc5 Bxc5 35. Bb2 Be7 36. Kf1 a5 37. Ke2 a4 38. Nb1 b4 39. Kd2 Kc6 40. d4 Kb5 41. Kd3 Nb6 42. Bc1 Nc4 43. axb4 Bxb4 44. Nc3+ Bxc3 45. Kxc3 f6 46. f4 Nb6 47. Ba3 Nd5+ 48. Kd3 g5 49. Bc1 gxf4 50. exf6 Nxf6 51. gxf4 Kb4 52. Kc2 Nd5 53. h4 Kc4 54. Kb1 g6 55. Ka2 Kxd4 0-1

[Event "Bayern-ch Seniors 16th"]
[Site "Schloss Schney"]
[Date "2004.06.06"]
[Round "1"]
[White "Braeu, Ludwig"]
[Black "Kluge, Hans Christof"]
[Result "1-0"]
[WhiteElo "1854"]
[BlackElo "1580"]
[PlyCount "55"]
[EventDate "2004.06.06"]
[EventType "swiss"]
[EventRounds "9"]
[EventCountry "GER"]
[SourceTitle "EXT 2006"]
[Source "ChessBase"]
[SourceDate "2005.11.24"]
[SourceVersion "1"]
[SourceVersionDate "2005.11.24"]
[SourceQuality "1"]

1. Nf3 Nf6 2. c4 d6 3. d4 g6 4. g3 Bg7 5. Bg2 0-0 6. 0-0 c6 7. Nc3 Na6 8. e4 c5 9. h3 Rb8 10. Be3 cxd4 11. Nxd4 Nc7 12. Qe2 a6 13. Rfd1 Bd7 14. a4 Qc8 15. Kh2 Ne6 16. a5 h6 17. Rac1 Kh7 18. b4 b6 19. axb6 Ng5 20. g4 Rxb6 21. Nd5 Nxd5 22. cxd5 Qb8 23. f4 Rxb4 24. Qxa6 f5 25. fxg5 Be5+ 26. Kg1 fxg4 27. Nc6 Qb5 28. Nxb4 1-0